1581 1914 1544 1590 1480 1987 1358 1695 1079 1010 1674 1492 1765 1716 1196 1689 1541 1466 1110 1067 1527 1028 1305 1876 1677 1441 1173 1753 1285 1798 1273 1260 1088 1900 1781 1789 1022 1193 1541 1712 1955 1569 1087 1065 1790 1855 1349 1878 1841 1636 1745 1931 1241 1094 1191 2000 1961 1273 1891 1421 1201 1743 1391 1988 1397 1854 1047 1909 1907 1070 1811 1244 1639 1820 1856 1209 1515 1606 1572 1137 1215 1110 1776 1551 1023 1781 1693 1605 1542 1862 1664 1453 1022 1085 1652 1564 1215 1130 1695 BCNSPRNW ULIB Ver.6.0+V

เปลี่ยนเป็นภาษาไทย

Change to English
 แสดงรายละเอียดบรรณานุกรม
  กลับหน้าหลัก

Brief Record : Get Marc (ISO 2709) : E-mail record : QR code < ปิดหน้าต่าง
LEADER : 00000nam 2200000uu 4500
001    13399120764
003     ULIB
008    121016s2545||||th 000 0 tha d
099    วจ.WY18.2^bอ556ส
100 0  อัศนี วันชัย และคณะ
245 00 สภาพการณ์การร่วมผลิตหลักสูตรพยาบาลศาสตร์บัณฑิตระหว่างคณะพยาบาลศาสตร์ มหาวิทบาลัยนเรศวร กับวิทยาลัยพยาบาลในเขตภาคเหนือตอนล่าง^cอัศนี วันชัย และคนอื่นๆ
246 0  Cooperative situation to product bachelor of nursing science program between facilty of nursing, Naresuan University and Bormarajonani College of nursing in the lower northern region
260    นนทบุรี:^bสถาบันพระบรมราชชนก สำนักงานปลัดกระทรวง กระทรวงสาธารณสุข,^c2545
300    88 หน้า
650  7 สถานการณ์การร่วมผลิต
650  7 หลักสูตรพยาบาลศาสตร์บัณฑิต
945    ^p0^l0^i032835
995    เกษร
999    ^aใช้งานได้ทุกระบบ
รายการนี้ยังไม่มีแท็ก
คุณยังไม่ได้ล็อกอิน คุณสามารถมีกิจกรรมร่วมกับเว็บไซต์ได้ แต่ต้องล็อกอินก่อน ::
  ล็อกอิน

รายการสื่อสารสนเทศ

ลำดับที่ ประเภท เลขเรียก/บาร์โค้ด สถานที่ สถานะ
1. งานวิจัย
งานวิจัย
วจ.WY18.2 อ556ส  
  Barcode: 032835
ห้องสมุดวิทยาเขตสวรรค์ประชารักษ์
►วิจัย
บนชั้น

รายการใกล้เคียง
    หัวเรื่อง [หลักสูตรพยาบาลศาสตร์บัณฑิต]

BibComment


ยังไม่เคยถูกคอมเมนท์

คอมเมนท์ทรัพยากรรายการนี้
  คอมเมนท์: สภาพการณ์การร่วมผ..


 Copyright 2026. Bcnsprnw @Library